Doing What Is Right (Record no. 17848)

MARC details
000 -LEADER
fixed length control field 00597nam a2200241 a 4500
020 ## - INTERNATIONAL STANDARD BOOK NUMBER
ISBN 0836107
082 00 - DEWEY DECIMAL CLASSIFICATION NUMBER
Classification number 220.07
Author Cutter BAR
100 ## - MAIN ENTRY--AUTHOR NAME
Author name Barnett, Lois
245 ## - TITLE STATEMENT
Title Doing What Is Right
260 ## - PUBLICATION, DISTRIBUTION, ETC. (IMPRINT)
Place of publication Ontario
Name of publisher Herald Press
Year of publication 1989
300 ## - PHYSICAL DESCRIPTION
Number of Pages 95p
500 ## - GENERAL NOTE
General note includes index and biblioraphy
505 2# - FORMATTED CONTENTS NOTE
Formatted contents note Complementary Reading
650 ## - SUBJECT ADDED ENTRY--TOPICAL TERM
Topical Term Bible-Study and Teaching
942 ## - ADDED ENTRY ELEMENTS (KOHA)
Koha item type Books
700 1# -
-- Barnett, Lois
Holdings
Collection code Home library Current library Date acquired Cost, normal purchase price Full call number Accession Number Koha item type
  Henry Martyn Institute Library Henry Martyn Institute Library 06/14/2007 100.00 220.07 BAR 11001535 Books
                   Copyright © 2026 | Henry Martyn Institute | Hyderabad | TS-500052 | INDIA | Implemented by hmi.edu.in
Hit-Count:

Powered by Koha